00870nam a2200241 i 450000100060000000300080000600500170001400800390003103500190007004000320008904100130012108200180013410000390015211000690019124500590026026000530031930000210037250000390039365000180043294200120045099900170046295201490047932511BD-RjUL20211209051840.0140427s1977 sy 000 0 eng a(BD-RjUL)32600 aDLCcDLCdDLCdBD-RjULbeng1 aenghara00a297bQUT 19771 aQuṭb, Sayyid,d1906-1966.998915 aInternational Islamic Federation of Student Organizations99891710aThis religion of Islam :bHadha'd-din /cSayyid Qutb. aSyria :bThe Holy Koran Publishing House,c1977. a104 p. ;c18 cm. aTranslation of Hādhā al-dīn. 0aIslam.998916 2ddccBK c32511d32511 00102ddc40718NFICaRUCLbRUCLcReadingd1979-10-10eIslamic Chatrashebir RUg0.00l0o297 QUT 1977r2014-04-27 00:00:00tC-1w2014-04-27yBK